Két kiállítás
Elmentve itt :
| Szerző: | |
|---|---|
| Dokumentumtípus: | Cikk |
| Megjelent: |
1975-07-20
|
| Sorozat: | Délmagyarország
65 No. 169 |
| Kulcsszavak: | Kohán György, Somogyi-könyvtár |
| Online Access: | http://dmarchiv.bibl.u-szeged.hu/95984 |
| LEADER | 00451nab a2200157 i 4500 | ||
|---|---|---|---|
| 001 | delm95984 | ||
| 005 | 20190424084628.0 | ||
| 008 | 190424s1975 hu o 0|| hun d | ||
| 040 | |a SZTE Délmagyarország Archívum |b hun | ||
| 041 | |a hun | ||
| 100 | 1 | |a Tandi Lajos | |
| 245 | 1 | 0 | |a Két kiállítás |h [elektronikus dokumentum] / |c Tandi Lajos |
| 260 | |c 1975-07-20 | ||
| 300 | |a 4 | ||
| 490 | 0 | |a Délmagyarország |v 65 No. 169 | |
| 695 | |a Kohán György, Somogyi-könyvtár | ||